imgonnagetyouback - Taylor Swift (All Lyrics) - Statistics

General Stats
  • This quiz has been taken 26 times
  • The average score is 361 of 402
Answer Stats
Lyrics % Correct
a
100%
an
100%
And
100%
and
100%
back
100%
be
100%
get
100%
gonna
100%
Gonna
100%
I
100%
if
100%
I'm
100%
it
100%
me
100%
me,
100%
my
100%
or
100%
Or
100%
to
100%
when
100%
you
100%
But
94%
but
94%
can
94%
decided
94%
fits
94%
haven't
94%
Honey,
94%
honey,
94%
house
94%
I'll
94%
in
94%
knew
94%
like
94%
Lilac
94%
mine
94%
never
94%
not
94%
one
94%
short
94%
skin
94%
skirt
94%
smash
94%
Take
94%
take
94%
that
94%
That
94%
The
94%
the
94%
then
94%
up
94%
We
94%
were
94%
We're
94%
wife
94%
yet
94%
your
94%
You're
94%
could
88%
curse
88%
Did
88%
did
88%
Even
88%
eyes
88%
going
88%
hand
88%
handcuffed
88%
hear
88%
here
88%
into
88%
it's
88%
just
88%
leaving
88%
make
88%
out
88%
Pick
88%
still
88%
tell
88%
thing
88%
thing,
88%
think
88%
twice,
88%
wanna
88%
want
88%
wants
88%
what
88%
Whether
88%
with
88%
babe
82%
clean
82%
come
82%
don't
82%
feel
82%
friends
82%
love
82%
poison,
82%
poison
82%
price
82%
research
82%
same
82%
somebody
82%
someone
82%
too
82%
way
82%
whispers
82%
Act
76%
bike
76%
body
76%
care
76%
closet
76%
either
76%
game
76%
got
76%
hate
76%
Martin
76%
move
76%
new
76%
play
76%
Say
76%
say
76%
something
76%
told
76%
touch
76%
You'll
76%
you'll
76%
at
71%
button
71%
end
71%
face
71%
find
71%
fix
71%
Flip
71%
flip
71%
hid
71%
leave
71%
Once
71%
party
71%
Push
71%
ran
71%
reset
71%
til
71%
will
71%
all
65%
Aston
65%
becoming
65%
coming
65%
dumb
65%
eras
65%
Fading
65%
might
65%
off
65%
Pull
65%
Small
65%
upper
65%
bar
59%
big
59%
bygone
59%
Bygones
59%
ditch
59%
funny
59%
gray
59%
Humming
59%
pieces,
59%
something's
59%
straight
59%
talk,
59%
broke
47%
Standing
47%
Bubbly
35%
script
35%
steered
29%
No matching quizzes found
Score Distribution
Percent of People with Each Score
Percentile by Number Answered
Your Score History
You have not taken this quiz